| 000 | 00507nam a22001937a 4500 | ||
|---|---|---|---|
| 003 | OSt | ||
| 005 | 20130621093319.0 | ||
| 008 | 130621s1975 sp ||||| |||| 00| 0 spa d | ||
| 020 | _a8425304849 | ||
| 040 | _cCDMR | ||
| 100 | 1 |
_9838 _aTalese, Gay |
|
| 245 | 1 | 0 |
_aFama y oscuridad _cGay Talese |
| 260 |
_aBarcelona [etc.] _bGrijalbo _c1975 |
||
| 300 | _a442 p. | ||
| 490 | 0 | _aBest sellers Grijalbo | |
| 650 | 0 | 4 |
_9797 _aReportatges literaris |
| 650 | 0 | 4 |
_93430 _aPeriodistes _vRecull d'escrits |
| 942 |
_2udc _cMON |
||
| 999 |
_c6510 _d6510 |
||